| 000 | 00517 a2200193 4500 | ||
|---|---|---|---|
| 005 | 20260430150133.0 | ||
| 008 | 260430b |||||||| |||| 00| 0 eng d | ||
| 020 |
_a9789387760967 _cRs. 1695.00 |
||
| 040 | _aMAIN | ||
| 082 |
_a796.01 _bD459H |
||
| 100 | _aDeshmukh, Rajendra Y | ||
| 245 | _aHandbook of sport psychology | ||
| 260 |
_bSatyam Publishers _c2024 _aJaipur |
||
| 300 | _a250 | ||
| 650 | _aPsychological Aspects of Sports | ||
| 650 | _aSports | ||
| 650 | _aAthletic and Outdoor Sports | ||
| 942 | _cBK | ||
| 999 |
_c396242 _d396242 |
||